English Grammar and Usage (Record no. 321140)

000 -LEADER
fixed length control field 00314 a2200133 4500
001 - CONTROL NUMBER
control field 86067
003 - CONTROL NUMBER IDENTIFIER
control field NUST
005 - DATE AND TIME OF LATEST TRANSACTION
control field 20180120160930.0
008 - FIXED-LENGTH DATA ELEMENTS--GENERAL INFORMATION
fixed length control field 180120b xxu||||| |||| 00| 0 eng d
082 ## - DEWEY DECIMAL CLASSIFICATION NUMBER
Classification number 428.24 CAT
100 ## - MAIN ENTRY--PERSONAL NAME
Personal name Catchpoles
9 (RLIN) 9303
245 ## - TITLE STATEMENT
Title English Grammar and Usage
260 ## - PUBLICATION, DISTRIBUTION, ETC.
Place of publication, distribution, etc. AHQ Peshawar
Name of publisher, distributor, etc. PAF Book Club
Date of publication, distribution, etc. 2007
300 ## - PHYSICAL DESCRIPTION
Extent 100p.
500 ## - GENERAL NOTE
General note PAF Book Club
942 ## - ADDED ENTRY ELEMENTS (KOHA)
Institution code [OBSOLETE] CAE NUST
Koha item type Book
Call number prefix 428.24 CAT
Source of classification or shelving scheme
Holdings
Withdrawn status Lost status Damaged status Not for loan Collection code Permanent Location Current Location Date acquired Total Checkouts Full call number Barcode Date last seen Price effective from Koha item type
          College of Aeronautical Engineering (CAE) College of Aeronautical Engineering (CAE) 04/03/2017   428.24 CAT CAE85132 04/05/2017 04/05/2017 Book
          College of Aeronautical Engineering (CAE) College of Aeronautical Engineering (CAE) 04/03/2017   428.24 CAT CAE85133 04/05/2017 04/05/2017 Book
© 2023 Central Library, National University of Sciences and Technology. All Rights Reserved.